[Event "XIX Carlos Torre Mem"]
[Site "Merida "]
[Date "2006.12.16"]
[Round "4"]
[White "Perez, Rodney"]
[Black "Milov, Vadim"]
[Result "0-1"]
[WhiteElo "2385"]
[BlackElo "2657"]
[PlyCount "66"]
[EventDate "2006.12.14"]
[EventType "swiss"]
[EventCountry "MEX"]

1. e4 c5 2. Nf3 e6 3. Nc3 a6 4. d4 cxd4 5. Nxd4 d6 {
B54: Sizilianisch (Rauser Anti-Drachen-Variante)} 6. Be3 (6. g4 Ne7 7. g5 Nec6
8. Be3 b5 9. a3 Bb7 10. h4 Nxd4 11. Qxd4 Nc6 12. Qd2 Rc8 13. f4 Na5 14. h5 Be7
15. Rg1 Nc4 16. Bxc4 Rxc4 17. f5 Qc8 18. Qd3 b4 19. axb4 Rxb4 20. b3 d5 {
Ponomariov,R (2630)-Milov,V (2626)/Istanbul 2000/1-0}) 6... b5 $146 (6... Nc6
7. f4 Nf6 8. Qf3 Nxd4 9. Bxd4 Qa5 10. Qe3 Nd7 11. Qd2 b5 12. Bd3 Bb7 13. O-O b4
14. Ne2 e5 15. Be3 d5 16. Ng3 exf4 17. Bxf4 Bc5+ 18. Kh1 O-O 19. e5 Rae8 20.
Nf5 Qb6 21. Rae1 {Fressinet,L (2625)-Conquest,S (2522)/Paris 2006/1-0}) (6...
Nf6 7. g4 h6 8. f4 e5 9. Nf5 h5 10. gxh5 exf4 11. Bxf4 Nxh5 12. Nxd6+ Bxd6 13.
Bxd6 Qh4+ 14. Kd2 Qg5+ 15. Ke1 Qh4+ 16. Kd2 {
Hoffmann,M (2477)-Hracek,Z (2614)/Feugen 2006 / 1/2-1/2}) 7. Qd2 (7. Bd3 Nf6
$16) 7... Bb7 $14 8. f3 Ne7 9. O-O-O Nec6 10. Qf2 Nd7 11. Kb1 Rc8 12. Nxc6 Bxc6
13. h4 Qc7 14. Bd3 Be7 15. Ne2 Nc5 16. Nd4 Bb7 17. Bg5 O-O 18. Rhe1 Rfe8 19.
Bxe7 Qxe7 20. g4 g6 21. Bf1 e5 22. Nb3 Ne6 23. Rd2 Red8 24. Red1 Nf4 25. Na5
Ba8 26. Qb6 {Übt Druck auf den rückständigen Bauern d6 aus} d5 27. Qxa6 Qxh4
28. Nb3 (28. Qb6 Rb8 29. Qc7 Qf6 30. exd5 Nxd5 $15) 28... Qg3 (28... dxe4 $142
29. Rxd8+ Rxd8 30. Rxd8+ Qxd8 31. Qxb5 exf3 32. Qxe5 Ne6 $17) 29. Bxb5 $14 (29.
Qxb5 $143 Qxf3 30. Nc5 Rd6 $17) 29... Qxf3 30. exd5 Nxd5 31. a4 (31. Qa5 $5 Rd6
32. Be2 $11) 31... Rf8 32. Bd7 $4 (32. Be2 $142 Qe4 33. Qa5 $15) 32... Rxc2 $1
$19 33. Bc6 $4 (33. Kxc2 Nb4+ {Doppelangriff}) (33. Rxc2 Qxd1+ {Doppelangriff}
(33... Qxd1+ {Ablenkung}) (33... Qxd1+ {Hinlenkung}) (33... Qxd1+ {Überlastung}
)) 33... Rxc6 (33... Rxc6 34. Qe2 Qxb3 35. Rxd5 Qxa4 $19) 0-1

[Event "Russ. Meisterschaft"]
[Site "Moskau"]
[Date "2006.12.15"]
[Round "11.2"]
[White "Alekseev, Evgeny"]
[Black "Jakovenko, Dmitry"]
[Result "1-0"]
[WhiteElo "2639"]
[BlackElo "2671"]
[PlyCount "93"]
[EventDate "2006.??.??"]

1. e4 e5 2. Nf3 Nc6 3. Bb5 a6 4. Ba4 Nf6 5. O-O Be7 6. Re1 b5 7. Bb3 d6 8. c3
O-O {C92: Spanische Partie (Tschigorin-Variante)} 9. h3 Re8 10. d4 Bb7 11. Nbd2
Bf8 12. a4 h6 13. Bc2 exd4 14. cxd4 Nb4 15. Bb1 c5 16. d5 Nd7 17. Ra3 f5 (17...
c4 18. axb5 (18. Nd4 Qf6 19. N2f3 Nc5 20. Ree3 Nbd3 21. axb5 axb5 22. Nxb5 Rxa3
23. Nxa3 Rxe4 24. Nxc4 Nxf2 25. Qe2 Nxh3+ 26. gxh3 Qg6+ 27. Kf2 Rxe3 28. Bxe3
Qxb1 29. Bxc5 dxc5 30. Qe5 Qc2+ 31. Nfd2 Qd3 32. d6 Qxh3 {
Anand,V (2779)-Kasimdzhanov,R (2672)/Bastia  2006/0-1}) 18... axb5 19. Nd4 Rxa3
20. bxa3 Nd3 21. Bxd3 cxd3 22. Re3 Nc5 23. Bb2 Bc8 24. Nc6 Qh4 25. Bd4 f5 26.
Nf3 Qh5 27. e5 f4 28. Re1 dxe5 29. Ncxe5 Qf5 30. Nh4 Qg5 31. Neg6 Rxe1+ 32.
Qxe1 {Anand,V (2770)-Beliavsky,A (2690)/Madrid 1998 / 1/2-1/2}) 18. Nh2 c4 $146
(18... Nf6 19. Rf3 (19. g4 fxe4 20. g5 hxg5 21. Nxe4 Nbxd5 22. Bxg5 Qd7 23.
Bxf6 Nxf6 24. Nxf6+ gxf6 25. Ng4 Bg7 26. Rg3 Rxe1+ 27. Qxe1 Kf8 28. Bg6 f5 29.
Nh2 Qe7 30. Qd2 Qf6 31. Rg5 Bh6 32. Rxf5 Bxd2 33. Rxf6+ Kg7 {
Leko,P (2670)-Almasi,Z (2630)/Dortmund 1998 / 1/2-1/2}) 19... Re5 20. Rxf5 Rxf5
21. exf5 Bxd5 22. Ng4 Ra7 23. Ne4 Bxe4 24. Bxe4 Nxg4 25. Qxg4 d5 26. Bb1 Re7
27. Rd1 Qd6 28. Bd2 Nc6 29. axb5 axb5 30. Bf4 Qf6 31. Qf3 Nb4 32. Be3 Rd7 33.
b3 {Morozevich,A (2707)-Beliavsky,A (2650)/Hyderabad 2002 / 1/2-1/2}) (18...
Qe7 19. g4 fxe4 20. Bxe4 Kh8 21. Ndf3 Qf7 22. g5 Bxd5 23. g6 Qg8 24. Ng5 bxa4
25. Rae3 Nf6 26. Nf7+ Bxf7 27. gxf7 Qxf7 28. Bxa8 Rxa8 29. Ng4 Qg6 30. Rg3 Nxg4
31. Rxg4 Qd3 32. Qxa4 Qxh3 33. Rg3 {
Cayford,R (2525)-van Oosterom,J (2655)/Fernschach1996 / 1/2-1/2}) 19. Rg3 (19.
Rf3 fxe4 20. Nxe4 Bxd5 $15) 19... Nc5 $15 20. exf5 Rxe1+ 21. Qxe1 Ncd3 (21...
Bxd5 $143 22. Nxc4 Bxc4 23. Qxb4 $16) 22. Qd1 Bxd5 23. Ndf1 (23. b3 Kh8 $11)
23... Nxc1 (23... Be4 $142 $5 $15) 24. Qxc1 $14 Kh8 (24... bxa4 25. Qxh6 Nd3
26. Rg5 $18 (26. Bxd3 $6 cxd3 27. Ne3 d2 $18)) 25. Ng4 Nd3 26. Bxd3 cxd3 27.
Qf4 Rc8 (27... Qe7 28. f6 Qe4 29. fxg7+ Bxg7 30. Qxd6 $16) 28. Rxd3 $16 Rc4 (
28... Bc4 29. Rc3 $16) 29. Qg3 Be4 (29... Bg8 $5 30. axb5 axb5 31. Ne5 $18) 30.
Ne5 $1 $18 Qf6 (30... dxe5 31. Rxd8 {Fesselung} (31. Rxd8 {Ablenkung})) 31.
Nxc4 bxc4 32. Rd2 Bxf5 (32... d5 33. Qb8 Bd3 34. Ne3 $18) 33. Qf4 Be6 34. Qxf6
gxf6 35. Ne3 f5 36. Rc2 Kg7 (36... d5 37. Rd2 $18) 37. Nxc4 Kf6 38. Nd2 d5 (
38... Bd7 39. b3 $18) 39. Rc6 a5 (39... d4 40. a5 Bb4 41. Nb3 $18) 40. Nb3 (40.
Nf3 Ke7 41. b4 Bd7 $18) 40... Ke7 41. Nxa5 Bd7 42. Ra6 Bg7 (42... Bxa4 43. Nc6+
Bxc6 44. Rxc6 $18) 43. b4 (43. Nc6+ $142 Bxc6 44. Rxc6 Kd7 $18) 43... d4 (43...
Bxa4 44. Nc6+ Bxc6 45. Rxc6 Kd7 $18) 44. Nc6+ Ke8 45. Kf1 (45. Ra8+ Kf7 46. Ra7
Ke6 $18) 45... d3 (45... Be6 46. b5 Bc4+ 47. Ke1 $18) 46. b5 (46. Ra8+ $142 Kf7
47. Ra7 Ke6 $18) 46... Be6 (46... Bf6 47. Nb8 Bg5 48. Rd6 $18) 47. Ra8+ (47.
Ra8+ Kf7 48. Nd8+ Ke7 49. Nxe6 $18) 1-0

[Event "Capablanca mem Elite"]
[Site "Havana "]
[Date "2006.11.21"]
[Round "1"]
[White "Bareev, Evgeny"]
[Black "Nogueiras, Jesus"]
[Result "0-1"]
[WhiteElo "2683"]
[BlackElo "2554"]
[PlyCount "110"]
[EventDate "2006.11.21"]
[EventType "tourn"]
[EventRounds "10"]
[EventCountry "CUB"]
[EventCategory "17"]

1. d4 d5 2. c4 c6 3. Nf3 Nf6 4. e3 g6 5. Nc3 Bg7 {
D94: Grünfeld-Verteidigung (Geschlossenes System)} 6. Be2 O-O 7. O-O a6 8. a4
a5 9. Qb3 Na6 10. cxd5 cxd5 11. Ne5 Nb4 12. Bd2 Be6 $146 (12... Bf5 13. Rac1
Nd7 14. Nxd7 Qxd7 15. Nb5 Nc6 16. Rc5 Rfd8 17. Bf3 e6 18. Nc3 Nb4 19. Nb5 Nc6
20. Be2 e5 21. dxe5 Bxe5 22. Bc3 Bxc3 23. Qxc3 d4 24. exd4 Nxd4 25. Bc4 b6 26.
Rc7 Nxb5 27. Bxb5 {Avrukh,B (2600)-Stefanova,A (2473)/Andorra 2001/1/2-1/2})
13. Rfc1 Nc6 14. f4 Qb8 15. Be1 Rd8 16. Nb5 Rc8 17. Bf3 Ra6 18. Bg3 (18. Nd3 b6
$16) 18... Qa8 19. Rc3 Rb6 20. Rac1 Bf8 21. h3 Rd8 22. Qd1 (22. Bh4 h5 $16)
22... Ne8 (22... Bf5 23. Bh4 $14) 23. Be1 f6 24. Nd3 Bf7 25. g4 e6 26. Bh4 Kg7
27. f5 (27. g5 $5 $16) 27... exf5 $11 28. gxf5 Ne7 (28... g5 29. Bg3 $11) 29.
fxg6 $14 hxg6 30. Bg4 Nc6 31. Qf1 Nb4 $2 (31... Be7 $142 $16) 32. Rc8 Rxc8 33.
Rxc8 (33. Bxc8 $2 Nxd3 34. Qxd3 Rc6 35. Rxc6 bxc6 $19) 33... Qa6 34. Bd7 Nxd3
35. Bxe8 (35. Qxd3 $6 Nd6 36. Rc7 Be7 $14) 35... Bxe8 (35... Nxb2 $4 36. Rc7
Kh8 37. Rxf7 $18) 36. Nc7 (36. Qxd3 Re6 $17) 36... Bd7 37. Nxa6 Bxc8 38. Nc7
Bf5 39. Nxd5 Rc6 40. e4 (40. Nc3 Bb4 $18) 40... Bxe4 $2 (40... Rc1 $142 41.
Qxc1 Nxc1 42. exf5 gxf5 $14) 41. Bxf6+ $18 (41. Nxf6 $6 Rc1 42. Qxc1 Nxc1 43.
Nxe4 Nd3 $16) 41... Kg8 42. Nc3 (42. Bg5 $5 Bxd5 43. Qxd3 Bg7 $18) 42... Bf5
43. Bg5 Re6 (43... Bg7 44. Be3 $18) 44. Qf3 Re1+ 45. Kg2 Re4 46. Qd1 (46. Kh2
Rxd4 47. Qxb7 Nc5 $18) 46... Rxd4 $2 (46... Bxh3+ $142 47. Kg3 Rg4+ 48. Kf3
Rxg5 49. Qxd3 Rf5+ 50. Kg3 Bf1 $14) 47. Qb3+ $18 Kh7 48. Bf6 (48. Qxb7+ $5 Bg7
$18) 48... Rd7 $16 49. Qc4 Bh6 (49... Nxb2 $142 $5 50. Qh4+ Kg8 51. Qh8+ Kf7
$16) 50. Ne2 $18 Ne1+ 51. Kf2 Nd3+ 52. Kg2 $4 (52. Kg3 b6 53. Qc8 Bg7 54. Bxg7
Kxg7 $18) 52... Ne1+ 53. Kg3 Nc2 54. Kh2 (54. Kf2 $5 Ne3 55. Qc8 Nd1+ 56. Kg1
Bg7 57. Bxg7 Kxg7 $18) 54... Ne3 $16 55. Qh4 $4 (55. Qb5 $142 Rf7 56. Qb6 $16)
55... Rd2 $19 (55... Rd2 56. Bc3 Rxe2+ 57. Kg1 Nd5 $19 58. Bxa5 Rxb2 59. Be1
Nf4 60. Qe7+ Kg8 61. Qd8+ Bf8 62. Bd2 Ne6 63. Qd5 Bc5+ 64. Kf1 Bxh3+ 65. Ke1
Rb1+ 66. Ke2 Bg4+ 67. Kd3 Rb6 68. Kc2 Bd4 69. Kd3 Rb2 70. Qa5 Kf7 71. Qd5 Bf5+
72. Ke2 Bc3 73. Qd7+ Kf6 74. Ke3 Rxd2 75. Qxb7 Nd4 76. Qb6+ Kg5 77. Qd8+ Kg4
78. Qxd4+ Rxd4 79. a5 Kg3 80. a6 Rd1 81. a7 Re1#) 0-1

[Event "Tal Memorial"]
[Site "Moskau"]
[Date "2006.11.14"]
[Round "7"]
[White "Grischuk, Alexander"]
[Black "Shirov, Alexei"]
[Result "1-0"]
[WhiteElo "2710"]
[BlackElo "2720"]
[PlyCount "101"]
[EventDate "2006.11.06"]
[EventType "tourn"]
[EventRounds "9"]
[EventCountry "RUS"]
[EventCategory "20"]

1. e4 c5 2. Nf3 Nc6 3. Bb5 {B30: Sizilianisch (Rossolimo-Variante)} e6 4. Bxc6
bxc6 5. d3 Ne7 6. Qe2 Qc7 7. Ng5 e5 $146 (7... Ng6 8. f4 c4 9. O-O cxd3 10.
cxd3 Bc5+ 11. Kh1 f6 12. Nh3 O-O 13. Nc3 d5 14. Na4 Bd6 15. Be3 Ba6 16. Bc5
Rfe8 17. exd5 cxd5 18. Qe3 Bb5 19. Bxd6 Qxd6 20. Nc3 Ba6 21. Qd4 Ne7 22. Nf2 {
Bologan,V (2666)-Radjabov,T (2717)/Turin ITA 2006/0-1 (31)}) (7... Ng6 8. O-O
$11) 8. f4 (8. Qh5 g6 9. Qh4 Bg7 $11) 8... exf4 $11 9. O-O Ng6 10. Qh5 d6 (
10... Bd6 $5 $11) 11. Bxf4 $14 h6 12. Nxf7 Qxf7 13. Bxd6 Qe6 14. Bxf8 Rxf8 15.
Nd2 (15. Qxc5 Rxf1+ 16. Kxf1 Qf6+ 17. Kg1 Qxb2 18. Qxc6+ Kf7 $19) 15... Bd7 16.
Qxc5 Qe7 17. Rxf8+ Kxf8 18. Rf1+ Kg8 19. Qxe7 Nxe7 20. Nb3 Rd8 21. Nc5 Bc8 22.
Kf2 Rf8+ 23. Ke2 Rxf1 24. Kxf1 Ng6 25. b4 Kf7 26. Ke2 Nf4+ 27. Kf3 Ne6 28. Nb3
Ke7 29. Ke3 Kd6 30. d4 Nc7 31. c4 Be6 32. Kd3 Bg8 33. a4 Ne6 34. g3 Ng5 35. Nd2
a6 36. h4 Nh3 37. Ke3 (37. d5 g5 $18) 37... g5 $16 38. d5 cxd5 (38... Bf7 39.
c5+ Kc7 40. dxc6 $18) 39. exd5 gxh4 40. gxh4 Bh7 (40... Bxd5 41. cxd5 Kxd5 42.
Kf3 $18) 41. Ne4+ Ke5 42. Nc5 Nf4 43. d6 (43. a5 Bf5 $18) 43... Ne6 44. d7 Nd8
45. Nxa6 Kd6 46. Nc5 Bg8 (46... Bf5 47. Kd4 $18) 47. Kd4 Nc6+ (47... Be6 48. a5
Bxd7 49. Nxd7 Ne6+ 50. Ke4 Kxd7 51. Ke5 $18) 48. Kc3 Ke7 49. b5 Ne5 (49... Na5
50. b6 h5 $18) 50. b6 Nxd7 51. b7 (51. b7 Nxc5 52. b8=Q Nxa4+ 53. Kd4 Kf6 54.
Qxg8 Nb2 55. Kd5 Nd3 56. Qe6+ Kg7 57. Qf5 Nc5 58. Kxc5 Kh8 59. Kd6 Kg7 60. Ke6
h5 61. Qg5+ Kf8 62. c5 Ke8 63. Qe7#) 1-0

[Event "WM Tiebreak 4"]
[Site "Elista"]
[Date "2006.10.16"]
[Round "16"]
[White "Kramnik, Vladimir"]
[Black "Topalov, Veselin"]
[Result "1-0"]
[WhiteElo "2750"]
[BlackElo "2813"]
[PlyCount "48"]
[EventDate "2006.??.??"]
[EventType "schev (rapid)"]

1. d4 d5 2. c4 c6 3. Nf3 Nf6 4. e3 e6 5. Nc3 Nbd7 6. Bd3 dxc4 7. Bxc4 b5 8. Be2
Bb7 9. O-O Be7 10. e4 b4 11. e5 bxc3 12. exf6 Bxf6 13. bxc3 c5 14. dxc5 Nxc5
15. Bb5+ Kf8 16. Qxd8+ Rxd8 17. Ba3 Rc8 18. Nd4 Be7 19. Rfd1 a6 20. Bf1 Na4 21.
Rab1 Be4 22. Rb3 Bxa3 23. Rxa3 Nc5 24. Nb3 Ke7 1-0

[Event "WM Tiebreak 1"]
[Site "Elista "]
[Date "2006.10.13"]
[Round "13"]
[White "Topalov, Veselin"]
[Black "Kramnik, Vladimir"]
[Result "1/2-1/2"]
[WhiteElo "2813"]
[BlackElo "2750"]
[PlyCount "89"]
[EventDate "2006.09.21"]
[EventType "match (rapid)"]
[EventCountry "RUS"]

1. d4 d5 2. c4 c6 3. Nf3 Nf6 4. Nc3 dxc4 5. a4 Bf5 6. e3 e6 7. Bxc4 Bb4 8. O-O
Nbd7 9. Qe2 O-O 10. e4 Bg6 11. Bd3 Bh5 12. e5 Nd5 13. Nxd5 cxd5 14. Qe3 Re8 15.
Ne1 Rc8 16. f4 Bxe1 17. Rxe1 Bg6 18. Bf1 Rc2 19. b3 Qa5 20. Bb5 Rd8 21. Re2
Rcc8 22. Bd2 Qb6 23. Rf2 a6 24. Bf1 Rc6 25. b4 Rc2 26. b5 a5 27. Bc3 Rxf2 28.
Qxf2 Qa7 29. Qd2 Ra8 30. Rc1 Nb6 31. Bb2 Nxa4 32. Ba3 h6 33. h3 Be4 34. Kh2 Nb6
35. Bc5 a4 36. Ra1 Nc4 37. Bxc4 b6 38. Qe3 Rc8 39. Bf1 bxc5 40. dxc5 Qxc5 41.
Qxc5 Rxc5 42. b6 Rc6 43. b7 Rb6 44. Ba6 d4 45. Rxa4 1/2-1/2

[Event "WM"]
[Site "Elista"]
[Date "2006.09.24"]
[Round "2"]
[White "Topalov, Veselin"]
[Black "Kramnik, Vladimir"]
[Result "0-1"]
[WhiteElo "2813"]
[BlackElo "2743"]
[PlyCount "126"]
[EventDate "2006.??.??"]

1. d4 d5 2. c4 c6 3. Nc3 Nf6 4. Nf3 dxc4 5. a4 Bf5 6. e3 e6 7. Bxc4 Bb4 8. O-O
Nbd7 9. Qe2 Bg6 10. e4 O-O {
D19: Damengambit (Slawische Verteidigung, Hauptvariante)} 11. Bd3 Bh5 12. e5
Nd5 13. Nxd5 cxd5 14. Qe3 Bg6 $146 (14... Be7 15. Bd2 Nb8 16. Ne1 Bg6 17. f4
Nc6 18. g4 f5 19. exf6 Bxf6 20. Bc3 Qe8 21. h3 Kh8 22. Rd1 Bd8 23. Rd2 Bb6 24.
Kg2 Qf7 25. Rf3 Rad8 26. b4 Ne7 27. Re2 Bxd3 28. Nxd3 Ng6 29. Be1 {
Vaganian,R (2600)-Chernin,A (2565)/Sochi 1986/1-0}) (14... h6 15. Ne1 Bxe1 16.
Rxe1 Bg6 17. Be2 Rc8 18. Bd2 Nb8 19. a5 Qe7 20. Rec1 Qd7 21. Bb4 Rxc1+ 22. Rxc1
Rc8 23. Bd6 Rxc1+ 24. Qxc1 Nc6 25. Qc5 a6 26. b4 {
1/2-1/2 Kramnik,V (2760)-Bareev,E (2698)/Bugojno 1999/}) 15. Ng5 Re8 16. f4
Bxd3 17. Qxd3 f5 18. Be3 Nf8 19. Kh1 Rc8 20. g4 (20. Qb5 Qe7 $11) 20... Qd7 (
20... h6 $5 21. Nxe6 Rxe6 22. gxf5 Re7 $15) 21. Rg1 Be7 22. Nf3 (22. gxf5 exf5
23. a5 Rc6 $11) 22... Rc4 (22... fxg4 23. Rxg4 Qc6 24. Rg2 $11) 23. Rg2 (23. b3
$142 $5 Rcc8 24. gxf5 exf5 25. Bd2 $14) 23... fxg4 $15 (23... Rxa4 $143 24.
Rxa4 Qxa4 25. gxf5 exf5 26. Qxf5 Qd1+ 27. Ng1 $16) 24. Rxg4 Rxa4 25. Rag1 g6
26. h4 Rb4 (26... Qc8 $142 $5 $17) 27. h5 $14 Qb5 28. Qc2 $3 Rxb2 29. hxg6 $1
h5 (29... Rxc2 30. gxh7+ Kxh7 31. Rg7+ Kh8 32. Rg8+ Kh7 33. R1g7+ Kh6 34. f5+
Bg5 35. Rxg5 Qf1+ 36. Ng1 Rh2+ 37. Kxh2 Qf2+ 38. Bxf2 Re7 39. Nh3 exf5 40. Rxf8
b5 41. Rh8+ Rh7 42. Rhg8 Rg7 43. R5xg7 a5 44. Rg6+ Kh7 45. Ng5#) 30. g7 hxg4 (
30... Nh7 31. Qg6 hxg4 32. Qxe6+ Kxg7 33. Qxg4+ $18) (30... Rxc2 $4 31. gxf8=Q+
Kxf8 32. Rg8+ Kf7 33. R1g7#) 31. gxf8=Q+ Bxf8 $4 (31... Kxf8 32. Qh7 (32. Qg6
Qe2 33. Qxg4) 32... Qe2 33. Qh8+ Kf7 34. Qh5+ Kf8 35. Qxg4 Bg5 $1 $13) 32. Qg6+
$2 (32. Rxg4+ $142 Bg7 33. Qc7 Qf1+ 34. Ng1 Qg2+ 35. Rxg2 Rxg2 36. Kxg2 $18)
32... Bg7 $14 33. f5 Re7 34. f6 Qe2 (34... gxf3 35. fxe7 Rg2 36. e8=Q+ Qxe8 37.
Qxe8+ Kh7 38. Rxg2 fxg2+ 39. Kxg2 a5 40. Qf7 a4 41. Bg5 a3 42. Bf6 Kh6 43.
Qxg7+ Kh5 44. Qg5#) 35. Qxg4 Rf7 (35... Qxe3 36. fxe7 Qh6+ 37. Nh4 $18) 36. Rc1
$4 (36. Qh5 $1) 36... Rc2 $14 (36... Qxe3 $4 37. Rc8+ Kh7 38. Qh5+ Bh6 39.
Qxf7+ Bg7 40. Qxg7#) 37. Rxc2 (37. Re1 $5 Qd3 38. Qh5) 37... Qd1+ (37... Qxc2
38. Ng5 Qb1+ 39. Kg2 Qc2+ 40. Kh3 Qd3 $14) 38. Kg2 $16 Qxc2+ 39. Kg3 Qe4 40.
Bf4 (40. Qxe4 $142 $5 dxe4 41. Ng5 Bxf6 42. Nxf7 (42. exf6 $143 Rxf6 43. Nxe4
Rg6+ 44. Kf4 a5 $15) 42... Kxf7 43. exf6 Kxf6 44. Kf4 $16) 40... Qf5 41. Qxf5
exf5 42. Bg5 (42. Ng5 $5 Rxf6 43. exf6 Bxf6 44. Nf3 $11) 42... a5 $15 43. Kf4
a4 44. Kxf5 a3 45. Bc1 (45. Nd2 Rc7 46. Nb3 Bxf6 47. exf6 Kf7 $19) 45... Bf8
46. e6 Rc7 47. Bxa3 (47. e7 Bxe7 48. fxe7 Rxe7 49. Bxa3 Re3 $19) 47... Bxa3 48.
Ke5 Rc1 (48... Rc3 $142 49. e7 Bxe7 50. fxe7 Kf7 $19) 49. Ng5 $2 (49. Kxd5 Rf1
50. e7 Bxe7 51. fxe7 Kf7 $17) 49... Rf1 (49... Rg1 $142 50. Nf7 b5 $19) 50. e7
$17 Re1+ 51. Kxd5 Bxe7 $1 52. fxe7 Rxe7 53. Kd6 Re1 54. d5 Kf8 55. Ne6+ Ke8 56.
Nc7+ Kd8 57. Ne6+ Kc8 58. Ke7 Rh1 59. Ng5 $4 (59. Kd6 $5) 59... b5 $19 60. d6 (
60. Ne6 $19) 60... Rd1 61. Ne6 b4 62. Nc5 Re1+ 63. Kf6 Re3 (63... Re3 64. Kf5
b3 65. Na4 Re2 66. Nb6+ Kd8 67. Nd5 Rc2 68. Ke5 b2 69. Nf4 b1=Q 70. Ne6+ Kd7
71. Nf8+ Kc6 72. d7 Qe1+ 73. Kf6 Rf2+ 74. Kg7 Qe7+ 75. Kg6 Qf6+ 76. Kh5 Rf5+
77. Kg4 Rg5+ 78. Kh4 Qh6#) 0-1

[Event "WM"]
[Site "Elista"]
[Date "2006.09.23"]
[Round "1"]
[White "Kramnik, Vladimir"]
[Black "Topalov, Veselin"]
[Result "1-0"]
[WhiteElo "2743"]
[BlackElo "2813"]
[PlyCount "149"]
[EventDate "2006.??.??"]

1. d4 Nf6 2. c4 e6 3. Nf3 d5 4. g3 {E04: Katalanisch} dxc4 5. Bg2 Bb4+ 6. Bd2
a5 7. Qc2 Bxd2+ 8. Qxd2 c6 9. a4 b5 10. axb5 cxb5 11. Qg5 O-O 12. Qxb5 Ba6 $146
(12... Na6 13. Qxc4 Nb4 14. Qb3 e5 15. Nxe5 Rb8 16. O-O Qxd4 17. Rxa5 Be6 18.
Qc3 Qd8 19. Rc5 Qb6 20. Na3 Nbd5 21. Qc1 Qxb2 22. Nc6 Qxc1 23. Rfxc1 Rb3 24.
Nb5 Rb2 25. Nbd4 Re8 26. Nxe6 fxe6 27. Bf3 {Grischuk,A (2719)-Moiseenko,A
(2662)/Sochi RUS 2006/The Week in Chess 599/1-0 (102)}) 13. Qa4 Qb6 14. O-O
Qxb2 15. Nbd2 {Ist c4 bedroht?} Bb5 16. Nxc4 Bxa4 17. Nxb2 Bb5 18. Ne5 Ra7 19.
Bf3 Nbd7 20. Nec4 Rb8 21. Rfb1 g5 (21... Bxc4 22. Nxc4 Rxb1+ 23. Rxb1 $11) 22.
e3 (22. Ne3 a4 $14) 22... g4 23. Bd1 Bc6 24. Rc1 (24. Rxa5 $2 Rxa5 25. Nxa5 Be4
$19) 24... Be4 25. Na4 Rb4 26. Nd6 Bf3 27. Bxf3 gxf3 28. Nc8 Ra8 29. Ne7+ Kg7
30. Nc6 Rb3 31. Nc5 Rb5 32. h3 Nxc5 33. Rxc5 Rb2 34. Rg5+ (34. Raxa5 $4 Rxa5
35. Rxa5 Ne4 $19) (34. Nxa5 $4 Ne4 35. Rf1 Nxc5 $19) (34. Rcxa5 $6 Rxa5 35.
Nxa5 Ne4 $11) 34... Kh6 35. Rgxa5 (35. Raxa5 $143 Ne4 36. Ne5 Nxg5 37. Rxa8
Nxh3+ 38. Kh2 Nxf2 39. Nxf3 Ng4+ 40. Kh3 f5 $17) 35... Rxa5 36. Nxa5 Ne4 37.
Rf1 Nd2 38. Rc1 Ne4 39. Rf1 f6 (39... Nd2 40. Rd1 Ne4 41. Rf1 $11) 40. Nc6 Nd2
41. Rd1 Ne4 42. Rf1 Kg6 43. Nd8 Rb6 44. Rc1 h5 45. Ra1 h4 46. gxh4 Kh5 47. Ra2
Kxh4 48. Kh2 Kh5 (48... Ng5 $5 49. Ra4 Rb2 (49... Nxh3 $2 50. d5+ $18) 50. d5+
Kh5 51. Nxe6 Rxf2+ 52. Kh1 Rf1+ 53. Kh2 Rf2+ $11) 49. Rc2 Kh6 (49... Kh4 50.
Rc7 Ng5 51. Rc4 $11) 50. Ra2 Kg6 51. Rc2 Kf5 52. Ra2 Rb5 53. Nc6 Rb7 54. Ra5+
Kg6 55. Ra2 Kh5 56. d5 e5 (56... exd5 57. Nd4) 57. Ra4 f5 $4 (57... Nxf2 58.
Kg3 e4 59. Kxf2 Rb2+ 60. Kf1 (60. Kg3 Rg2+ 61. Kf4 f2) 60... Rb1+ $11) (57...
Nxf2 $142 58. Kg3 e4 59. Kxf2 Rb2+ 60. Kf1 Rb1+ 61. Kf2 Rb2+ 62. Kg1 Rb1+ 63.
Kf2 Rb2+ $11) 58. Nxe5 $18 Rb2 59. Nd3 $18 Rb7 60. Rd4 Rb6 61. d6 $1 Nxd6 (
61... Rxd6 62. Rxd6) (61... Nxd6 62. Rd5) 62. Kg3 Ne4+ 63. Kxf3 Kg5 64. h4+ $1
Kf6 (64... Kxh4 65. Nc5) 65. Rd5 Nc3 66. Rd8 Rb1 (66... Ke7 67. Ra8 $18) 67.
Rf8+ Ke6 68. Nf4+ Ke5 69. Re8+ Kf6 70. Nh5+ Kg6 71. Ng3 Rb2 (71... Rb5 72. Rc8
Ne4 73. Nxe4 fxe4+ 74. Kxe4 Rb4+ 75. Ke5 Rxh4 76. Rc6+ Kg7 77. f4 $18) 72. h5+
Kf7 73. Re5 Nd1 74. Ne2 Kf6 (74... Rd2 75. Rxf5+ Kg7 76. Rg5+ Kh7 77. Rg6 $18)
75. Rd5 (75. Rd5 Rxe2 76. Rd6+ (76. Rxd1 $6 Rc2 $18) 76... Kg5 77. Kxe2 Nc3+
78. Kf3 Kxh5 79. Kf4 $18) 1-0

[Event "SMM  Riehen-Biel"]
[Site "?"]
[Date "2006.09.03"]
[Round "7.1"]
[White "Hickl, Joerg"]
[Black "Milov, Vadim"]
[Result "0-1"]
[WhiteElo "2605"]
[BlackElo "2645"]
[PlyCount "82"]
[EventDate "2006.09.03"]

1. g3 d5 2. Nf3 {A07: Barcza-System} g6 3. c4 (3. Bg2 Bg7 4. d4 Nf6 5. O-O O-O
6. Bf4 Nh5 7. Be3 c6 8. Qc1 Re8 9. Bh6 Bg4 10. Bxg7 Nxg7 11. c4 Na6 12. Nbd2
Rc8 13. Qc3 Nf5 14. Rfe1 Nd6 15. c5 Nb5 16. Qe3 f6 17. Rac1 Qa5 {
Votava,J (2542)-Bauer,C (2641)/Gothenburg 2005/1-0}) 3... e6 $146 (3... d4 4.
Bg2 Bg7 5. O-O (5. d3 Nh6 6. Qa4+ c6 7. b4 O-O 8. Nbd2 b6 9. O-O Bb7 10. Nb3
Nf5 11. Bb2 e5 12. Rac1 Nd7 13. Nfd2 Qc7 14. c5 Rfc8 15. Ne4 Nf6 16. Bh3 Rd8
17. Nxf6+ Bxf6 18. Bg2 Ne7 19. Rfe1 Nd5 {
Hickl,J (2600)-Azmaiparashvili,Z (2674)/Panormos 2001/1/2-1/2}) 5... c5 6. e3
Nc6 7. exd4 cxd4 8. d3 Nf6 9. Na3 O-O 10. Re1 Nd7 11. Nc2 a5 12. b3 h6 13. Ba3
Re8 14. Nd2 Nf6 15. Bb2 e5 16. Nf3 Rb8 17. Rc1 Bf5 18. h3 {
Markowski,T (2557)-Van Wely,L (2629)/Polanica Zdroj 1999/0-1}) (3... dxc4 4.
Qa4+ Nc6 5. Bg2 Bg7 6. Qxc4 e5 7. Ng5 Nh6 8. Bxc6+ bxc6 9. Nc3 O-O 10. d3 Nf5
11. O-O Nd4 12. Be3 h6 13. Nge4 Bg4 14. f3 Be6 15. Qa4 Qe7 16. f4 Bg4 17. Rae1
f5 18. Nf2 {Markowski,T (2568)-Shirov,A (2746)/Polanica Zdroj 2000/0-1}) (3...
c6 4. Qa4 e6 5. Bg2 Bg7 6. O-O Nf6 7. d4 O-O 8. Nc3 Nbd7 9. cxd5 exd5 10. Bf4
Re8 11. Qb3 Nb6 12. a4 a5 13. Rfd1 h6 14. Rac1 Nc4 15. Ne5 g5 16. Be3 Nxe3 17.
fxe3 Qd6 18. Rf1 {
Markowski,T (2568)-Van Wely,L (2643)/Polanica Zdroj 2000/1/2-1/2}) 4. Bg2 Bg7
5. Qa4+ Nc6 6. d3 Nge7 7. O-O O-O 8. cxd5 exd5 9. Nc3 h6 10. Bd2 Be6 11. b4 a6
12. a3 g5 13. Rfc1 Ng6 14. Rab1 Qd7 15. Be1 Rfe8 16. Qd1 Rad8 17. a4 Bh3 18.
Bh1 Qe6 19. b5 axb5 20. axb5 Nd4 (20... Nce7 21. Bd2 $11) 21. Nxd4 Bxd4 22. e3
Bg4 (22... Bg7 23. d4 $11) 23. Qa4 Bb6 24. d4 Qf5 25. Qb3 {d5 steht unter Druck
} Bh3 $2 (25... Bf3 $142 26. Bxf3 Qxf3 $14) 26. Nxd5 $18 (26. Bxd5 $2 Rxe3 27.
Bd2 Rxc3 28. Bxf7+ Qxf7 29. Qxf7+ Kxf7 30. Bxc3 Ne7 $19) 26... Rd6 (26... Rd7
27. Bb4 $18) 27. Nxb6 cxb6 28. Rc7 (28. Bxb7 $142 $5 Ne7 29. Bb4 Rdd8 $18)
28... Rf6 29. Rbc1 Nh4 30. Qd5 (30. f4 Qg6 31. Qc2 Qxc2 32. R7xc2 Nf5 $18)
30... Qg4 $2 (30... Qd3 $142 31. Qc4 Qf5 $16) 31. Bb4 $18 Nf3+ 32. Bxf3 Rxf3
33. Re7 $4 (33. Qxb7 Rf6 34. Qd5 $16) 33... Rxe7 $11 34. Bxe7 Rf5 35. f3 (35.
Qxb7 Qe2 36. Qc8+ Kh7 37. Qxf5+ Bxf5 38. h3 Bxh3 39. Kh2 Bg4 40. Kg1 Qf3 41.
Rc6 Bh3 42. Rxh6+ Kxh6 43. Bf8+ Kg6 44. Bd6 Qg2#) 35... Rxf3 36. Bd6 $4 (36.
Qe5 $142 $11) 36... Rf6 (36... Rxe3 37. Be5 (37. Qxb7 Qxd4 38. Kh1 Be6 39. Qa8+
Kh7 40. Qg2 Bd5 41. Bc5 bxc5 42. Rf1 Bxg2+ 43. Kxg2 Re2+ 44. Kh1 Qe4+ 45. Rf3
Qxf3+ 46. Kg1 Qg2#) 37... Qf5 38. Qd8+ (38. Qxb7 Kh7 39. Qc6 Rf3 $19) 38... Kh7
39. Qh8+ (39. Qxb6 $4 Qf3 40. Qxb7 Qxb7 41. Rc6 Qxc6 42. bxc6 Rf3 43. Kh1 Rf1#)
39... Kg6 40. Qg7+ Kh5 41. Qf6 Qxf6 42. Bxf6 $17) 37. Be5 Qe2 38. Rc8+ Kh7 39.
Rh8+ Kg6 40. Qe4+ Rf5 41. Rg8+ Kh5 (41... Kh5 42. g4+ Bxg4 43. Bf4 Bh3 44. Qf3+
Qxf3 45. Rxg5+ Rxg5+ 46. Bxg5 Qf1#) 0-1